000 01185cam a2200337Ia 4500
001 9780203098820
003 BD-DhSAU
005 20151012151718.0
006 a|||||s|||||||||||
007 cr||||
008 050502s2006 nyu sb 001 0deng d
020 _a9780203098820 (e-book : PDF)
040 _aBD-DhSAU
_cBD-DhSAU
090 _aHD87.55
_b.F53 2006
092 _a338.9
_bF469
245 0 0 _aFifty key thinkers on development
_h[electronic resource] /
_cedited by David Simon.
246 3 0 _aKey thinkers on development
260 _aNew York :
_bRoutledge,
_cc2006.
300 _axii, 301 p.
504 _aIncludes bibliographical references and index.
530 _aAlso available in print edition.
_bCRC Press (http://www.crcpress.com)
538 _aMode of access: World Wide Web.
650 0 _aPlanners
_vBiography.
650 0 _aEconomic development
_xPlanning.
650 0 _aEconomic development
_vCross-cultural studies.
650 0 _aEconomic policy
_vCross-cultural studies.
655 7 _aElectronic books.
_2lcsh
700 1 _aSimon, David,
_d1957-
776 1 _z9780415337892
856 4 0 _uhttp://www.tandfebooks.com/isbn/9780203098820
999 _c12432
_d12431